Państwa Ameryki Łacińskiej - nagła śmierć - Statystyki

Ogólne statystyki
  • Ten quiz został rozwiązany 109 razy
  • Średni wynik to 4 z 21
Answers on the Grid
Answers color-coded by a green-red scale on the quiz's grid according to % correct below.
Salwador
Argentyna
Bahamy
Surinam
Urugwaj
Boliwia
Gujana
Brazylia
Belize
Chile
Kanada
Trynidad i Tobago
Wenezuela
Dominikana
Ekwador
Stany Zjednoczone
Grenada
Gwatemala
Peru
Haiti
Honduras
Jamajka
Indie
Nikaragua
Kolumbia
Kostaryka
Kuba
Meksyk
Panama
Paragwaj
 
Statystyki odpowiedzi
Odpowiedź % Poprawnych
Salwador
63%
Argentyna
48%
Ekwador
26%
Haiti
26%
Urugwaj
26%
Kolumbia
22%
Paragwaj
22%
Gwatemala
19%
Kuba
19%
Peru
19%
Brazylia
15%
Honduras
15%
Jamajka
15%
Nikaragua
15%
Panama
15%
Boliwia
11%
Dominikana
11%
Kostaryka
11%
Meksyk
11%
Gujana
7%
Chile
4%
Nie znaleziono quizów pasujących do podanych kryteriów
Rozkład punktacji
Procent ludzi z każdym wynikiem
Percentyl według liczby udzielonych odpowiedzi
Twoja historia wyników
Nie rozwiązałeś tego quizu